中国边境铁路口岸地图 Railway ports on China's borders map - Statistics

General Stats
  • This quiz has been taken 237 times
  • The average score is 8 of 13
Answers on the Map
Answers color-coded by a green-red scale on the quiz's map according to % correct below.
 
Answer Stats
邻国 % Correct
朝鲜 丹东
92%
俄罗斯 满洲里
88%
蒙古 二连浩特
84%
哈萨克斯坦 霍尔果斯
74%
俄罗斯 绥芬河
66%
俄罗斯 珲春
62%
哈萨克斯坦 阿拉山口
60%
朝鲜 图们
58%
老挝 磨憨
55%
越南 凭祥
49%
朝鲜 集安
39%
俄罗斯 同江
37%
越南 河口
34%
No matching quizzes found
Score Distribution
Percent of People with Each Score
Percentile by Number Answered
Your Score History
You have not taken this quiz